| 000 | 00494cam a2200193ua 4500 | ||
|---|---|---|---|
| 001 | 7683 | ||
| 008 | 141220n ii |||gr||||Z||||||ben | ||
| 040 | _cMAIN | ||
| 041 | _aben | ||
| 082 | _a891.443 | ||
| 100 |
_aMajumdar, M., _eTranslator. |
||
| 245 | 1 |
_aThe prince and the poper _cTranslated by Madhusudan Majumdar |
|
| 250 | _a1st. | ||
| 260 |
_aKolkatta: _bDeb, _c1976. |
||
| 300 | _a134p. | ||
| 653 | _aEast Indo-European & Celtic literatures | ||
| 653 | _aBengali stories | ||
| 942 | _cBK | ||
| 999 |
_c6805 _d6805 |
||